000 01507nam0a2200361 4500
001 RU\NLR\bibl\1756831
005 20250616122532.0
010 _a978-5-227-02622-4
_93000
021 _aRU
_b2011-20977
_91474
035 _a(NLR Aleph) 001747666
090 _a1498943
_c1498943
100 _a20110411d2011 |||y0rusy50 ca
101 1 _arus
_ceng
102 _aRU
105 _aa |||||||||
200 1 _aТамплиеры и другие тайные общества Средневековья
_fТомас Кейтли
_g[пер. с англ.: Л.П. Кудинова]
210 _aМосква
_cЦентрполиграф
_d2011
215 _a413, [1] с.
_cил.
_d21
300 _aЗагл. и авт. ориг.: The knights Templar and other secret societies of the middle ages / Thomas Keightley
454 0 _12001#$aThe knights Templar and other secret societies of the middle ages
_1700#1$aKeightley$bT.$gThomas$4070
_tThe knights Templar and other secret societies of the middle ages
_aKeightley, Thomas
601 0 2 _aАссасины, религиозная организация
_92360826
_3RU\NLR\auth\661409781
606 1 _aТамплиеры
_92074683
_3RU\NLR\auth\661249694
686 _aЭ382.1
686 _aЭ375-647.3
700 1 _aКейтли
_bТ.
_gТомас
_4070
801 0 _aRU
_bNLR
_c20110411
_gRCR
801 1 _aRU
_bNLR
_c20110411
942 _cBOOK
980 _aNB
980 _aNBR